Statistics for Friends Quiz

Click here to take the quiz!

General Stats

  • This quiz has been taken 699 times
  • The average score is 11 of 15

Answer Stats

HintAnswer% Correct
Whose catch phrase is "how you doin"?Joey
98%
What is the name of the coffee shop where they all hang out?Central Perk
95%
Phoebe's boyfriend who leaves to Minsk?David
91%
How many women do Joey and Ross have in common?3
84%
In the opening credits who is listed in order?Jennifer Aniston
80%
2Courtney Cox
79%
5Matthew Perry
79%
4Matt Le Blanc
79%
3Lisa Kudrow
78%
6David Schwimmer
76%
What was Monica's nickname when she played field hockey?Big Fat Goalie
75%
His profession?Space Cowboy
62%
What is Joey's childhood imaginary friend's name?Maurice
51%
Who appeared in the series because of a lost bet?Bruce Willis
29%
When Ross has a beeper for Carol's pregnancy what is the phone number?55JIMBO
11%

Score Distribution

Percentile by Number Answered

Percent of People with Each Score

Your Score History

You have not taken this quiz